[Event "Winnipeg February Sect-A"]
[Site "Winnipeg CAN"]
[Date "2009.02.21"]
[Round "3"]
[White "Kaptsan, Aron"]
[Black "Boron, Anthony"]
[Result "1/2-1/2"]
[WhiteElo "2076"]
[BlackElo "1986"]
[PlyCount "50"]
[GameId "2160767910260601"]
[EventDate "2009.02.22"]
[EventType "tourn"]
[EventRounds "5"]
[EventCountry "CAN"]
[SourceTitle "EXT 2019"]
[Source "ChessBase"]
[SourceDate "2018.10.10"]
[SourceVersion "1"]
[SourceVersionDate "2018.10.10"]
[SourceQuality "1"]

1. e4 c6 2. d4 d5 3. exd5 cxd5 4. c4 Nf6 5. Nf3 e6 6. Nc3 Be7 7. c5 O-O 8. Bd3 b6 9. cxb6 Qxb6 10. O-O Ba6 11. Na4 Qc6 12. Ne5 Qb7 13. Be3 Bxd3 14. Nxd3 Nbd7 15. b4 Ne4 16. Nac5 Ndxc5 17. bxc5 Rab8 18. Qc2 a5 19. Rfb1 Qa6 20. Rxb8 Rxb8 21. Rb1 Rxb1+ 22. Qxb1 Nc3 23. Qc2 Nxa2 24. Ne5 Nb4 25. Qa4 Kf8 1/2-1/2

[Event "Winnipeg February Sect-A"]
[Site "Winnipeg CAN"]
[Date "2009.02.22"]
[Round "4"]
[White "Greenberg, Harley"]
[Black "Atem, James"]
[Result "1-0"]
[WhiteElo "1760"]
[BlackElo "1835"]
[PlyCount "63"]
[GameId "2160767910260602"]
[EventDate "2009.02.22"]
[EventType "tourn"]
[EventRounds "5"]
[EventCountry "CAN"]
[SourceTitle "EXT 2019"]
[Source "ChessBase"]
[SourceDate "2018.10.10"]
[SourceVersion "1"]
[SourceVersionDate "2018.10.10"]
[SourceQuality "1"]

1. e4 d6 2. d4 g6 3. Nc3 Bg7 4. Be3 Nf6 5. Qd2 Nc6 6. O-O-O O-O 7. f3 e5 8. d5 Ne7 9. g4 Bd7 10. h4 Nc8 11. h5 c6 12. hxg6 fxg6 13. dxc6 bxc6 14. Bc4+ Kh8 15. Nh3 Nb6 16. Bb3 d5 17. Ng5 d4 18. Nxh7 Nh5 19. Nxf8 Qxf8 20. gxh5 dxe3 21. hxg6+ Bh6 22. Qxe3 Qf4 23. Rxh6+ Kg7 24. Qxf4 exf4 25. Rh7+ Kxg6 26. Rhxd7 Nxd7 27. Rxd7 a5 28. Rd6+ Kg5 29. Rxc6 Kh4 30. Bd5 Kg3 31. Rg6+ Kf2 32. Bxa8 1-0

[Event "Winnipeg February Sect-A"]
[Site "Winnipeg CAN"]
[Date "2009.02.22"]
[Round "4"]
[White "Khedkar, Jay S"]
[Black "Kaptsan, Aron"]
[Result "0-1"]
[WhiteElo "2003"]
[BlackElo "2076"]
[PlyCount "56"]
[GameId "2160767910260603"]
[EventDate "2009.02.22"]
[EventType "tourn"]
[EventRounds "5"]
[EventCountry "CAN"]
[SourceTitle "EXT 2019"]
[Source "ChessBase"]
[SourceDate "2018.10.10"]
[SourceVersion "1"]
[SourceVersionDate "2018.10.10"]
[SourceQuality "1"]

1. e4 c5 2. Nf3 d6 3. d4 cxd4 4. Nxd4 Nf6 5. Nc3 g6 6. Be2 Bg7 7. Be3 a6 8. a4 b6 9. f4 Bb7 10. Bf3 Qc7 11. O-O Nbd7 12. Nb3 Rc8 13. Nd2 O-O 14. Rf2 Nc5 15. g4 d5 16. exd5 Rfd8 17. Nf1 e6 18. Rd2 exd5 19. Ng3 Nce4 20. Bxe4 Nxe4 21. Ncxe4 dxe4 22. c3 Rxd2 23. Qxd2 Rd8 24. Qf2 Rd6 25. Re1 Qd8 26. f5 b5 27. g5 bxa4 28. f6 Bf8 0-1

[Event "Winnipeg February Sect-A"]
[Site "Winnipeg CAN"]
[Date "2009.02.22"]
[Round "4"]
[White "Wiebe, Daniel"]
[Black "Boron, Anthony"]
[Result "1/2-1/2"]
[WhiteElo "1910"]
[BlackElo "1986"]
[PlyCount "66"]
[GameId "2160767910260604"]
[EventDate "2009.02.22"]
[EventType "tourn"]
[EventRounds "5"]
[EventCountry "CAN"]
[SourceTitle "EXT 2019"]
[Source "ChessBase"]
[SourceDate "2018.10.10"]
[SourceVersion "1"]
[SourceVersionDate "2018.10.10"]
[SourceQuality "1"]

1. e4 c5 2. Nf3 e6 3. d4 cxd4 4. Nxd4 Nf6 5. Nc3 Nc6 6. Bg5 Bb4 7. Ndb5 a6 8. Nd6+ Ke7 9. Nxc8+ Rxc8 10. f4 Qa5 11. Qd3 h6 12. Bxf6+ gxf6 13. O-O-O Rhd8 14. Nd5+ exd5 15. exd5 Qxa2 16. c3 Bd6 17. dxc6 Bxf4+ 18. Kc2 Rxc6 19. Qd5 Qxd5 20. Rxd5 Be5 21. Be2 b5 22. h3 Rd6 23. Rd3 Rb8 24. Rhd1 Rxd3 25. Rxd3 Rb6 26. Bg4 d6 27. Bf3 a5 28. Rd5 a4 29. Be2 b4 30. cxb4 Rxb4 31. Rb5 Rf4 32. Bf3 Rc4+ 33. Kb1 Rc5 1/2-1/2

[Event "Winnipeg February Sect-A"]
[Site "Winnipeg CAN"]
[Date "2009.02.22"]
[Round "5"]
[White "Atem, James"]
[Black "Wiebe, Daniel"]
[Result "0-1"]
[WhiteElo "1835"]
[BlackElo "1910"]
[PlyCount "58"]
[GameId "2160767910260605"]
[EventDate "2009.02.22"]
[EventType "tourn"]
[EventRounds "5"]
[EventCountry "CAN"]
[SourceTitle "EXT 2019"]
[Source "ChessBase"]
[SourceDate "2018.10.10"]
[SourceVersion "1"]
[SourceVersionDate "2018.10.10"]
[SourceQuality "1"]

1. e4 c5 2. Nf3 d6 3. d4 cxd4 4. Qxd4 Nc6 5. Qd1 Nf6 6. Nc3 a6 7. Bc4 e6 8. O-O Be7 9. a3 O-O 10. Be3 Qc7 11. Bd3 b5 12. Ng5 Ne5 13. f4 Nc4 14. Bc1 h6 15. Nh3 Bb7 16. Re1 d5 17. e5 Nd7 18. b4 f6 19. Qg4 f5 20. Qg6 Qc6 21. Nd1 Bh4 22. Re2 Ndb6 23. Ne3 Rad8 24. Qh5 Na4 25. Qg6 Qb6 26. Kf1 Bc8 27. Ng4 Kh8 28. Rf2 Qd4 29. Rb1 Nc3 0-1

[Event "Winnipeg February Sect-A"]
[Site "Winnipeg CAN"]
[Date "2009.02.22"]
[Round "5"]
[White "Boron, Anthony"]
[Black "Khedkar, Jay S"]
[Result "0-1"]
[WhiteElo "1986"]
[BlackElo "2003"]
[PlyCount "38"]
[GameId "2160767910260606"]
[EventDate "2009.02.22"]
[EventType "tourn"]
[EventRounds "5"]
[EventCountry "CAN"]
[SourceTitle "EXT 2019"]
[Source "ChessBase"]
[SourceDate "2018.10.10"]
[SourceVersion "1"]
[SourceVersionDate "2018.10.10"]
[SourceQuality "1"]

1. e4 d6 2. d4 Nd7 3. Nf3 Ngf6 4. Nc3 e5 5. Bc4 h6 6. O-O c6 7. dxe5 dxe5 8. Qe2 Qc7 9. Be3 b5 10. Bxb5 cxb5 11. Nxb5 Qc6 12. Nxa7 Qxe4 13. Rfe1 Bb7 14. Qb5 Qb4 15. Nxe5 Rxa7 16. Bxa7 Qxb5 17. Nc6+ Be7 18. Nxe7 Kd8 19. Rad1 Re8 0-1

[Event "Winnipeg February Sect-B"]
[Site "Winnipeg CAN"]
[Date "2009.02.20"]
[Round "1"]
[White "Gibbons, Lorne"]
[Black "Goodman, Clifford"]
[Result "0-1"]
[WhiteElo "1217"]
[BlackElo "1637"]
[PlyCount "42"]
[GameId "2160767910260607"]
[EventDate "2009.02.22"]
[EventType "swiss"]
[EventRounds "5"]
[EventCountry "CAN"]
[SourceTitle "EXT 2019"]
[Source "ChessBase"]
[SourceDate "2018.10.10"]
[SourceVersion "1"]
[SourceVersionDate "2018.10.10"]
[SourceQuality "1"]

1. d4 Nf6 2. c4 g6 3. Nc3 d5 4. a4 Bg7 5. Bf4 c6 6. f3 Nh5 7. Bxb8 Rxb8 8. g4 e5 9. Nh3 Qh4+ 10. Nf2 exd4 11. Nxd5 cxd5 12. gxh5 dxc4 13. hxg6 hxg6 14. h3 O-O 15. Rg1 Bf5 16. Qd2 Rfe8 17. Kd1 Qxf2 18. Rxg6 Bxg6 19. e4 dxe3 20. Qxe3 Qxf1+ 21. Qe1 Qxe1# 0-1

[Event "Winnipeg February Sect-B"]
[Site "Winnipeg CAN"]
[Date "2009.02.20"]
[Round "1"]
[White "Lipic, Stephen"]
[Black "Letain, Cory"]
[Result "1-0"]
[WhiteElo "1623"]
[BlackElo "1519"]
[PlyCount "75"]
[GameId "2160767910260608"]
[EventDate "2009.02.22"]
[EventType "swiss"]
[EventRounds "5"]
[EventCountry "CAN"]
[SourceTitle "EXT 2019"]
[Source "ChessBase"]
[SourceDate "2018.10.10"]
[SourceVersion "1"]
[SourceVersionDate "2018.10.10"]
[SourceQuality "1"]

1. f4 e5 2. fxe5 d6 3. exd6 Bxd6 4. Nf3 Nc6 5. d4 Bg4 6. Qd3 Qd7 7. c3 O-O-O 8. e4 Re8 9. Be3 f6 10. Nbd2 Kb8 11. O-O-O a5 12. h3 Bh5 13. g4 Bg6 14. Nh4 Bf7 15. d5 Ne5 16. Qb5 Qxb5 17. Bxb5 c6 18. Nf5 cxb5 19. Nxd6 Re7 20. Nxf7 Rxf7 21. Bf4 Ka7 22. Bxe5 fxe5 23. Rdf1 Rf4 24. g5 Ne7 25. Rxf4 exf4 26. Nf3 Ng6 27. e5 Rd8 28. Rd1 Kb6 29. b4 axb4 30. cxb4 Rc8+ 31. Kd2 Rc4 32. a3 Re4 33. Re1 Rxe1 34. Kxe1 Ne7 35. d6 Nd5 36. Kd2 Kc6 37. Kd3 Kd7 38. Ke4 1-0

[Event "Winnipeg February Sect-B"]
[Site "Winnipeg CAN"]
[Date "2009.02.20"]
[Round "1"]
[White "Swift, Ryne"]
[Black "Gannon, Keith"]
[Result "1-0"]
[WhiteElo "1641"]
[BlackElo "1604"]
[PlyCount "97"]
[GameId "2160767910260609"]
[EventDate "2009.02.22"]
[EventType "swiss"]
[EventRounds "5"]
[EventCountry "CAN"]
[SourceTitle "EXT 2019"]
[Source "ChessBase"]
[SourceDate "2018.10.10"]
[SourceVersion "1"]
[SourceVersionDate "2018.10.10"]
[SourceQuality "1"]

1. e4 c5 2. Nf3 d6 3. d4 cxd4 4. Nxd4 Nf6 5. Nc3 g6 6. f3 Bg7 7. Be3 Bd7 8. Qd2 Nc6 9. O-O-O Qa5 10. Kb1 Nxd4 11. Bxd4 O-O-O 12. Nd5 Qxd2 13. Nxe7+ Kb8 14. Rxd2 Nh5 15. Bxg7 Nxg7 16. Bc4 Be6 17. Bxe6 fxe6 18. e5 d5 19. c4 Rhe8 20. cxd5 Rxe7 21. d6 Red7 22. g4 Rf8 23. Rd3 Rc8 24. Rc1 Rxc1+ 25. Kxc1 g5 26. Kd2 h5 27. h3 hxg4 28. hxg4 b6 29. Ke3 Kc8 30. Rd1 Kd8 31. Rh1 Ke8 32. Rh6 Kf7 33. Rf6+ Kg8 34. f4 gxf4+ 35. Kxf4 a5 36. Ke4 a4 37. Kd4 Ra7 38. Rf4 Ra5 39. Kd3 Ra8 40. Rb4 Ne8 41. Rxb6 Kf7 42. Kc4 Kg6 43. d7 Nc7 44. Rc6 Nd5 45. Rxe6+ Kf7 46. Kxd5 Ra5+ 47. Kc4 Kxe6 48. d8=Q Rxe5 49. Kd4 1-0

[Event "Winnipeg February Sect-B"]
[Site "Winnipeg CAN"]
[Date "2009.02.20"]
[Round "1"]
[White "Wood, Nathaniel"]
[Black "Magnusson, Saul"]
[Result "0-1"]
[WhiteElo "1620"]
[BlackElo "1418"]
[PlyCount "82"]
[GameId "2160767910260610"]
[EventDate "2009.02.22"]
[EventType "swiss"]
[EventRounds "5"]
[EventCountry "CAN"]
[SourceTitle "EXT 2019"]
[Source "ChessBase"]
[SourceDate "2018.10.10"]
[SourceVersion "1"]
[SourceVersionDate "2018.10.10"]
[SourceQuality "1"]

1. d4 d5 2. c4 e6 3. cxd5 exd5 4. Nc3 c6 5. Nf3 Nf6 6. Bg5 Be7 7. Qc2 h6 8. Bh4 O-O 9. e3 Nbd7 10. Bd3 Re8 11. O-O Nf8 12. Ne5 Bd6 13. f4 Qc7 14. Rf3 Ng4 15. h3 Nf6 16. g4 Be7 17. Bxf6 gxf6 18. Nxd5 Qd8 19. Nxe7+ Rxe7 20. Nc4 Qd5 21. Raf1 b6 22. Nd2 Bb7 23. Nb3 a5 24. e4 Qd7 25. Qf2 Rd8 26. e5 fxe5 27. dxe5 c5 28. Re3 c4 29. Bf5 Ne6 30. Nc1 Qd2 31. Re2 Qb4 32. Be4 Bxe4 33. Rxe4 Rd2 34. Re2 Red7 35. f5 Ng5 36. Kh2 Qxb2 37. e6 Rxe2 38. Nxe2 Rd2 39. exf7+ Kxf7 40. Re1 Qe5+ 41. Kh1 Qe4+ 0-1

[Event "Winnipeg February Sect-B"]
[Site "Winnipeg CAN"]
[Date "2009.02.21"]
[Round "2"]
[White "Gannon, Keith"]
[Black "Gibbons, Lorne"]
[Result "1-0"]
[WhiteElo "1604"]
[BlackElo "1217"]
[PlyCount "29"]
[GameId "2160767910260611"]
[EventDate "2009.02.22"]
[EventType "swiss"]
[EventRounds "5"]
[EventCountry "CAN"]
[SourceTitle "EXT 2019"]
[Source "ChessBase"]
[SourceDate "2018.10.10"]
[SourceVersion "1"]
[SourceVersionDate "2018.10.10"]
[SourceQuality "1"]

1. e4 d6 2. c4 Nf6 3. Nc3 Be6 4. d4 c6 5. Nf3 d5 6. cxd5 cxd5 7. Bb5+ Nbd7 8. e5 Nh5 9. Ng5 g6 10. Nxe6 fxe6 11. Qa4 a6 12. Bxd7+ Qxd7 13. Qxd7+ Kxd7 14. Na4 Ng7 15. Nb6+ 1-0

[Event "Winnipeg February Sect-B"]
[Site "Winnipeg CAN"]
[Date "2009.02.21"]
[Round "2"]
[White "Goodman, Clifford"]
[Black "Lipic, Stephen"]
[Result "0-1"]
[WhiteElo "1637"]
[BlackElo "1623"]
[PlyCount "58"]
[GameId "2160767910260612"]
[EventDate "2009.02.22"]
[EventType "swiss"]
[EventRounds "5"]
[EventCountry "CAN"]
[SourceTitle "EXT 2019"]
[Source "ChessBase"]
[SourceDate "2018.10.10"]
[SourceVersion "1"]
[SourceVersionDate "2018.10.10"]
[SourceQuality "1"]

1. Nf3 d5 2. d4 f5 3. c4 e6 4. Nc3 c6 5. cxd5 exd5 6. Bg5 Be7 7. Bxe7 Qxe7 8. g3 Nf6 9. Bg2 O-O 10. Ne5 Nbd7 11. Nxd7 Bxd7 12. e3 Ne4 13. O-O Kh8 14. Nxe4 fxe4 15. Qb3 Bg4 16. a4 Rf6 17. a5 Raf8 18. a6 b6 19. Rfc1 Rxf2 20. Rxc6 Qd7 21. Rxb6 Rxg2+ 22. Kxg2 Bf3+ 23. Kg1 axb6 24. a7 Qb7 25. Qxb6 Qxb6 26. a8=Q Qd6 27. Ra6 Qb4 28. Ra1 Rg8 29. Qxd5 Qxb2 0-1

[Event "Winnipeg February Sect-B"]
[Site "Winnipeg CAN"]
[Date "2009.02.21"]
[Round "2"]
[White "Letain, Cory"]
[Black "Wood, Nathaniel"]
[Result "1-0"]
[WhiteElo "1519"]
[BlackElo "1620"]
[PlyCount "67"]
[GameId "2160767910260613"]
[EventDate "2009.02.22"]
[EventType "swiss"]
[EventRounds "5"]
[EventCountry "CAN"]
[SourceTitle "EXT 2019"]
[Source "ChessBase"]
[SourceDate "2018.10.10"]
[SourceVersion "1"]
[SourceVersionDate "2018.10.10"]
[SourceQuality "1"]

1. d4 Nf6 2. c4 e6 3. Nf3 d5 4. Qb3 Nbd7 5. Bf4 c6 6. e3 Be7 7. Be2 O-O 8. O-O Nh5 9. Bg3 f5 10. Be5 Qe8 11. Nbd2 g5 12. h3 g4 13. hxg4 fxg4 14. Nh2 Nxe5 15. dxe5 g3 16. Ng4 gxf2+ 17. Rxf2 Rxf2 18. Kxf2 Bh4+ 19. Kg1 Ng3 20. Qd3 Qf8 21. Nf6+ Bxf6 22. exf6 Qxf6 23. e4 Nxe2+ 24. Qxe2 e5 25. Rf1 Qg6 26. cxd5 Bg4 27. Qc4 Rd8 28. dxc6+ Be6 29. c7 Rxd2 30. c8=Q+ Kg7 31. Q8c7+ Kh6 32. Rf2 Rxf2 33. Qc1+ Kh5 34. Qxe5+ 1-0

[Event "Winnipeg February Sect-B"]
[Site "Winnipeg CAN"]
[Date "2009.02.21"]
[Round "2"]
[White "Magnusson, Saul"]
[Black "Swift, Ryne"]
[Result "0-1"]
[WhiteElo "1418"]
[BlackElo "1641"]
[PlyCount "109"]
[GameId "2160767910260614"]
[EventDate "2009.02.22"]
[EventType "swiss"]
[EventRounds "5"]
[EventCountry "CAN"]
[SourceTitle "EXT 2019"]
[Source "ChessBase"]
[SourceDate "2018.10.10"]
[SourceVersion "1"]
[SourceVersionDate "2018.10.10"]
[SourceQuality "1"]

1. d4 d5 2. c4 c6 3. Nc3 Nf6 4. Bg5 e6 5. Nf3 Bd6 6. e3 Nbd7 7. Rc1 h6 8. Bh4 O-O 9. c5 Bc7 10. Bg3 Bxg3 11. hxg3 Re8 12. Ne5 Nxe5 13. dxe5 Nd7 14. f4 f5 15. Qh5 Qe7 16. b4 Qf7 17. Qd1 Qg6 18. Kf2 Qf7 19. Ne2 Nf8 20. Nd4 Bd7 21. Be2 Qe7 22. Qd3 Reb8 23. g4 fxg4 24. Bxg4 a5 25. b5 cxb5 26. Nxb5 Bxb5 27. Qxb5 Qe8 28. Rb1 Qg6 29. Rb2 Qxg4 30. Rh3 Ra6 31. Rg3 Qd1 32. a4 Qc1 33. Qe2 Kh7 34. Rc2 Qa3 35. Qb5 Qb4 36. Rf3 Qe4 37. Rc3 Qb4 38. Qd3+ g6 39. g4 Qxa4 40. Kg3 Qe4 41. f5 Qxd3 42. Rxd3 exf5 43. gxf5 gxf5 44. Rxd5 Kg6 45. Kh4 a4 46. Rg3+ Kf7 47. Rf3 Ke6 48. Rd1 Ng6+ 49. Kh5 Nxe5 50. Rf4 a3 51. Rdf1 a2 52. Ra1 b5 53. cxb6 Rbxb6 54. Rf2 Rb1 55. Raxa2 0-1

[Event "Winnipeg February Sect-B"]
[Site "Winnipeg CAN"]
[Date "2009.02.21"]
[Round "3"]
[White "Letain, Cory"]
[Black "Gannon, Keith"]
[Result "0-1"]
[WhiteElo "1519"]
[BlackElo "1604"]
[PlyCount "40"]
[GameId "2160767910260615"]
[EventDate "2009.02.22"]
[EventType "swiss"]
[EventRounds "5"]
[EventCountry "CAN"]
[SourceTitle "EXT 2019"]
[Source "ChessBase"]
[SourceDate "2018.10.10"]
[SourceVersion "1"]
[SourceVersionDate "2018.10.10"]
[SourceQuality "1"]

1. d4 Nf6 2. c4 e6 3. Nf3 b6 4. Nc3 Bb7 5. Qc2 Bb4 6. a3 Bxf3 7. axb4 Bh5 8. g3 Bg6 9. e4 d5 10. Bd3 dxe4 11. Nxe4 Qxd4 12. Nxf6+ Qxf6 13. Bxg6 Qxg6 14. Qa4+ c6 15. Be3 Qe4 16. O-O Nd7 17. Rfd1 Ne5 18. Rd4 Nf3+ 19. Kg2 Nxd4+ 20. Kh3 O-O 0-1

[Event "Winnipeg February Sect-B"]
[Site "Winnipeg CAN"]
[Date "2009.02.21"]
[Round "3"]
[White "Magnusson, Saul"]
[Black "Goodman, Clifford"]
[Result "0-1"]
[WhiteElo "1418"]
[BlackElo "1637"]
[PlyCount "77"]
[GameId "2160767910260616"]
[EventDate "2009.02.22"]
[EventType "swiss"]
[EventRounds "5"]
[EventCountry "CAN"]
[SourceTitle "EXT 2019"]
[Source "ChessBase"]
[SourceDate "2018.10.10"]
[SourceVersion "1"]
[SourceVersionDate "2018.10.10"]
[SourceQuality "1"]

1. Nf3 g6 2. e4 Bg7 3. d4 c6 4. c4 d6 5. Nc3 Bg4 6. Be2 Qb6 7. Na4 Qa5+ 8. Bd2 Qc7 9. Bc3 Bxf3 10. Bxf3 Nd7 11. O-O e5 12. c5 dxc5 13. dxe5 Bxe5 14. Bxe5 Qxe5 15. Bg4 Ngf6 16. f4 Qd4+ 17. Qxd4 cxd4 18. Bxd7+ Nxd7 19. Rac1 Nb6 20. Nc5 O-O-O 21. a4 Nd7 22. Nd3 Kb8 23. Rfd1 Nf6 24. Nf2 d3 25. Nxd3 Nxe4 26. Ne5 Rxd1+ 27. Rxd1 f6 28. Nf7 Rf8 29. Rd7 Kc8 30. Re7 f5 31. Kf1 Nf6 32. Nd6+ Kd8 33. Rxb7 Nd5 34. Rxa7 Nxf4 35. Nb7+ Kc7 36. a5 Kb8 37. Ra6 Kxb7 38. Rb6+ Kc7 39. Ra6 0-1

[Event "Winnipeg February Sect-B"]
[Site "Winnipeg CAN"]
[Date "2009.02.21"]
[Round "3"]
[White "Swift, Ryne"]
[Black "Lipic, Stephen"]
[Result "1-0"]
[WhiteElo "1641"]
[BlackElo "1623"]
[PlyCount "31"]
[GameId "2160767910260617"]
[EventDate "2009.02.22"]
[EventType "swiss"]
[EventRounds "5"]
[EventCountry "CAN"]
[SourceTitle "EXT 2019"]
[Source "ChessBase"]
[SourceDate "2018.10.10"]
[SourceVersion "1"]
[SourceVersionDate "2018.10.10"]
[SourceQuality "1"]

1. e4 c6 2. d4 d5 3. exd5 cxd5 4. Nf3 Nf6 5. c3 e6 6. Bf4 Nc6 7. Nbd2 Be7 8. Bd3 O-O 9. O-O Nh5 10. Bxh7+ Kxh7 11. Ng5+ Bxg5 12. Qxh5+ Bh6 13. g4 g5 14. Nf3 gxf4 15. g5 Rg8 16. Qxh6# 1-0

[Event "Winnipeg February Sect-B"]
[Site "Winnipeg CAN"]
[Date "2009.02.21"]
[Round "3"]
[White "Wood, Nathaniel"]
[Black "Gibbons, Lorne"]
[Result "1-0"]
[WhiteElo "1620"]
[BlackElo "1217"]
[PlyCount "33"]
[GameId "2160767910260618"]
[EventDate "2009.02.22"]
[EventType "swiss"]
[EventRounds "5"]
[EventCountry "CAN"]
[SourceTitle "EXT 2019"]
[Source "ChessBase"]
[SourceDate "2018.10.10"]
[SourceVersion "1"]
[SourceVersionDate "2018.10.10"]
[SourceQuality "1"]

1. Nf3 Nc6 2. d4 e6 3. e4 d6 4. Nc3 f6 5. Bd3 Nb4 6. O-O Ne7 7. Be3 b6 8. Rc1 d5 9. a3 Nxd3 10. cxd3 Bb7 11. Nb5 Nc6 12. e5 a6 13. Nc3 h6 14. exf6 Qxf6 15. b4 b5 16. Re1 Bd6 17. Nxd5 1-0

[Event "Winnipeg February Sect-B"]
[Site "Winnipeg CAN"]
[Date "2009.02.22"]
[Round "4"]
[White "Gibbons, Lorne"]
[Black "Letain, Cory"]
[Result "0-1"]
[WhiteElo "1217"]
[BlackElo "1519"]
[PlyCount "44"]
[GameId "2160767910260619"]
[EventDate "2009.02.22"]
[EventType "swiss"]
[EventRounds "5"]
[EventCountry "CAN"]
[SourceTitle "EXT 2019"]
[Source "ChessBase"]
[SourceDate "2018.10.10"]
[SourceVersion "1"]
[SourceVersionDate "2018.10.10"]
[SourceQuality "1"]

1. e4 e5 2. f4 exf4 3. d4 Nf6 4. Bxf4 Nxe4 5. Bc4 Qh4+ 6. Bg3 Nxg3 7. Bxf7+ Kxf7 8. Qf3+ Nf5+ 9. g3 Qe7+ 10. Ne2 d6 11. Rf1 Ke8 12. c3 Ne3 13. Qxf8+ Rxf8 14. Rxf8+ Qxf8 15. Nd2 Bh3 16. Nf4 Nc2+ 17. Ke2 Nxa1 18. Nxh3 Nc6 19. Kd1 Kd7 20. d5 Ne5 21. Kc1 Qf5 22. g4 Qc2# 0-1

[Event "Winnipeg February Sect-B"]
[Site "Winnipeg CAN"]
[Date "2009.02.22"]
[Round "4"]
[White "Goodman, Clifford"]
[Black "Swift, Ryne"]
[Result "1/2-1/2"]
[WhiteElo "1637"]
[BlackElo "1641"]
[PlyCount "30"]
[GameId "2160767910260620"]
[EventDate "2009.02.22"]
[EventType "swiss"]
[EventRounds "5"]
[EventCountry "CAN"]
[SourceTitle "EXT 2019"]
[Source "ChessBase"]
[SourceDate "2018.10.10"]
[SourceVersion "1"]
[SourceVersionDate "2018.10.10"]
[SourceQuality "1"]

1. Nf3 Nc6 2. d4 d5 3. c4 e6 4. cxd5 exd5 5. Nc3 Nf6 6. g3 Be6 7. Bg2 Bb4 8. O-O O-O 9. Bg5 h6 10. Bxf6 Qxf6 11. a3 Ba5 12. b4 Bb6 13. e3 Rad8 14. Qb3 Ne7 15. Na4 Nc8 1/2-1/2

[Event "Winnipeg February Sect-B"]
[Site "Winnipeg CAN"]
[Date "2009.02.22"]
[Round "4"]
[White "Lipic, Stephen"]
[Black "Magnusson, Saul"]
[Result "1-0"]
[WhiteElo "1623"]
[BlackElo "1418"]
[PlyCount "61"]
[GameId "2160767910260621"]
[EventDate "2009.02.22"]
[EventType "swiss"]
[EventRounds "5"]
[EventCountry "CAN"]
[SourceTitle "EXT 2019"]
[Source "ChessBase"]
[SourceDate "2018.10.10"]
[SourceVersion "1"]
[SourceVersionDate "2018.10.10"]
[SourceQuality "1"]

1. f4 d5 2. Nf3 Bg4 3. e3 Nf6 4. d3 e6 5. h3 Bxf3 6. Qxf3 c5 7. g4 Qa5+ 8. c3 Nbd7 9. Nd2 Be7 10. Nb3 Qc7 11. g5 Ng8 12. Bd2 c4 13. dxc4 dxc4 14. Nd4 e5 15. Nf5 exf4 16. exf4 O-O-O 17. Nxe7+ Nxe7 18. O-O-O Ng6 19. h4 h5 20. Be3 Kb8 21. Bf2 Ka8 22. Bg3 Nb6 23. Bg2 f5 24. gxf6 gxf6 25. Rxd8+ Rxd8 26. f5 Ne5 27. Bxe5 fxe5 28. Qxh5 e4 29. Qg5 Re8 30. Re1 Qc5 31. Rxe4 1-0

[Event "Winnipeg February Sect-B"]
[Site "Winnipeg CAN"]
[Date "2009.02.22"]
[Round "5"]
[White "Letain, Cory"]
[Black "Goodman, Clifford"]
[Result "1/2-1/2"]
[WhiteElo "1519"]
[BlackElo "1637"]
[PlyCount "58"]
[GameId "2160767910260622"]
[EventDate "2009.02.22"]
[EventType "swiss"]
[EventRounds "5"]
[EventCountry "CAN"]
[SourceTitle "EXT 2019"]
[Source "ChessBase"]
[SourceDate "2018.10.10"]
[SourceVersion "1"]
[SourceVersionDate "2018.10.10"]
[SourceQuality "1"]

1. d4 Nf6 2. c4 g6 3. Nc3 d5 4. cxd5 Nxd5 5. e4 Nxc3 6. bxc3 Bg7 7. Nf3 c5 8. Be3 O-O 9. Bd3 Bg4 10. Rb1 b6 11. Be2 Nc6 12. O-O Bxf3 13. Bxf3 cxd4 14. cxd4 Nxd4 15. Bxd4 Qxd4 16. e5 Qxd1 17. Rfxd1 Rac8 18. Rd7 e6 19. Rbd1 Bxe5 20. Rxa7 Rfd8 21. Rad7 Rxd7 22. Rxd7 Rc2 23. a3 Ra2 24. Rd3 Ra1+ 25. Bd1 Bb2 26. a4 Ba3 27. g4 Bc5 28. Rd2 e5 29. Kg2 e4 1/2-1/2

[Event "Winnipeg February Sect-B"]
[Site "Winnipeg CAN"]
[Date "2009.02.22"]
[Round "5"]
[White "Lipic, Stephen"]
[Black "Gannon, Keith"]
[Result "1/2-1/2"]
[WhiteElo "1623"]
[BlackElo "1604"]
[PlyCount "76"]
[GameId "2160767910260623"]
[EventDate "2009.02.22"]
[EventType "swiss"]
[EventRounds "5"]
[EventCountry "CAN"]
[SourceTitle "EXT 2019"]
[Source "ChessBase"]
[SourceDate "2018.10.10"]
[SourceVersion "1"]
[SourceVersionDate "2018.10.10"]
[SourceQuality "1"]

1. f4 g6 2. Nf3 c5 3. e3 Bg7 4. c3 d5 5. d4 Nd7 6. Bd3 Ngf6 7. Ne5 c4 8. Bc2 b5 9. O-O Bb7 10. Nd2 O-O 11. Ndf3 Ne4 12. Qe1 f6 13. Nxd7 Qxd7 14. a4 a6 15. Qe2 Bc6 16. Nd2 Nxd2 17. Bxd2 f5 18. axb5 axb5 19. b3 Rxa1 20. Rxa1 Ra8 21. Rxa8+ Bxa8 22. b4 Bf6 23. Qd1 Qa7 24. Qb1 Bc6 25. Bc1 Kf7 26. Qb2 e6 27. Qa3 Qxa3 28. Bxa3 Bh4 29. g3 Be7 30. Kg2 h5 31. h3 g5 32. Bc1 g4 33. Kh2 Bd7 34. Bd1 Kg7 35. Bd2 Kh7 36. Be1 Kg6 37. Bf2 Bf6 38. hxg4 hxg4 1/2-1/2

[Event "Winnipeg February Sect-B"]
[Site "Winnipeg CAN"]
[Date "2009.02.22"]
[Round "5"]
[White "Magnusson, Saul"]
[Black "Gibbons, Lorne"]
[Result "0-1"]
[WhiteElo "1418"]
[BlackElo "1217"]
[PlyCount "30"]
[GameId "2160767910260624"]
[EventDate "2009.02.22"]
[EventType "swiss"]
[EventRounds "5"]
[EventCountry "CAN"]
[SourceTitle "EXT 2019"]
[Source "ChessBase"]
[SourceDate "2018.10.10"]
[SourceVersion "1"]
[SourceVersionDate "2018.10.10"]
[SourceQuality "1"]

1. e4 e5 2. Nf3 Nc6 3. Bc4 h6 4. c3 Nf6 5. d3 Bc5 6. O-O d6 7. Re1 Ng4 8. d4 exd4 9. cxd4 Bb6 10. Nc3 Qf6 11. h3 Bxd4 12. hxg4 Bxc3 13. bxc3 Qxc3 14. Qd5 Be6 15. Re3 Qxa1 0-1